MARC

Tag First Indicator Second Indicator Subfields
LEADER 00000cam a22000004a 4500
001 in00001639660
005 20151023084236.0
008 010209s2001 ncu bi s001 0 eng
010 |a  2001030246 
015 |a GBA2-72929 
016 7 |a 012658118  |2 Uk 
020 |a 0807892742 
020 |a 9780807892749 
035 |a (OCoLC)ocm45951730 
035 |a (OCoLC)45951730 
040 |a DLC  |b eng  |c DLC  |d UKM  |d NLGGC  |d BTCTA  |d STF  |d BAKER  |d YDXCP  |d OCLCG  |d IG#  |d UKMGB  |d UtOrBLW 
042 |a pcc 
049 |a TXAM 
050 0 0 |a PQ6498.Z5  |b Z967 2001 
082 0 0 |a 863/.3  |2 21 
084 |a 18.32  |2 bcl 
090 |a PC13  |b .N67 no.270 
100 1 |a Vollendorf, Lisa. 
245 1 0 |a Reclaiming the body :  |b María de Zayas's early modern feminism /  |c by Lisa Vollendorf. 
264 1 |a Chapel Hill, N.C. :  |b U.N.C. Dept. of Romance Languages,  |c [2001] 
264 4 |c ©2001 
300 |a 232 pages ;  |c 23 cm. 
336 |a text  |b txt  |2 rdacontent 
337 |a unmediated  |b n  |2 rdamedia 
338 |a volume  |b nc  |2 rdacarrier 
490 1 |a North Carolina studies in the Romance languages and literatures,  |v no. 270 
504 |a Includes bibliographical references (pages 216-228) and index. 
600 1 0 |a Zayas y Sotomayor, María de,  |d 1590-1650  |x Criticism and interpretation. 
650 0 |a Women in literature. 
650 0 |a Violence in literature. 
650 0 |a Sex role in literature. 
650 0 |a Feminism and literature. 
600 1 4 |a Zayas y Sotomayor, Marı́a de,  |d 1590-1650  |x Criticism and interpretation. 
650 1 7 |a Feminisme.  |2 gtt 
830 0 |a North Carolina studies in the Romance languages and literatures ;  |v no. 270. 
856 4 2 |3 Publisher description  |u http://catdir.loc.gov/catdir/description/unc041/2001030246.html  |t 0 
948 |a cataloged  |b h  |c 2001/12/18  |d c  |e jgreene  |f 4:28:12 pm 
994 |a C0  |b TXA 
999 |a MARS 
999 f f |s ed4f4166-8097-3229-bfee-5603d7f1b6b7  |i 8de7c315-760e-3d82-b6fe-09973893b6f9  |t 0 
952 f f |p normal  |a Texas A&M University  |b College Station  |c Sterling C. Evans Library  |d Evans: Library Stacks  |t 0  |e PC13 .N67 no.270  |h Library of Congress classification  |i unmediated -- volume  |m A14828514622 
998 f f |a PC13 .N67 no.270  |t 0  |l Evans: Library Stacks